Maden Kanunu (Record no. 91)

MARC details
000 -BAŞLIK
Sabit Uzunlukta Kontrol Alanı 00956na a2200277 4500
001 - KONTROL NUMARASI
Denetim Alanı 16844
003 - KONTROL NUMARASI IDENTIFIER
Denetim Alanı MIRAKIL
005 - SON İŞLEM TARİHİ VE ZAMANI
Denetim Alanı 20181213154733.0
008 - SABİT-BOY VERİ ELEMANLARI - GENEL BİLGİLER
Sabit Uzunlukta Kontrol Alanı 161015b tu 000 0
020 ## - ULUSLARARASI STANDART KİTAP NUMARASI
Uluslararası Standart Kitap Numarası 975794601X
040 ## - KATALOGLAMA KAYNAK
Orijinal Kataloglama Ajansı Milas
Kataloglama Dili tur
Metne Dönüştürmek Ajansı TR-AnCHP
041 ## - DİL KODU
Metin / Ses Parça Veya Ayrı Başlığın Dil Kodu tur
082 ## - DEWEY ONLU SINIFLANDIRMA NUMARASI
Sınıflandırma Numarası 343.077502632
Ürün Numarası Ç25m 1996
090 ## - SINIFLAMA NUMARASI
Sınıflama Numarası 343.077502632 Ç25m 1996
100 ## - ANA GİRİŞ - KİŞİSEL İSİM
Kişisel Ad Çanga, Halit Erol
Bir Adıyla İlişkilendirilen Tarihler 1941-
245 ## - BAŞLIK TABLOSU
Başlık Maden Kanunu
Başlığın Kalan I. kitap 3213 (3382) sayılı kanunun 1-16. maddeleri
Sorumluluk Tablosu, Vb Halit Erol Çanga, Bora Çanga
246 ## - UNVAN FORM VARYING
Başlık Doğru / Kısa Başlığı I. kitap 3213 (3382) sayılı kanunun 1-16. maddeleri
260 ## - YAYIN, DAĞITIM, VB
Yayın, Dağıtım, Vb Yeri İstanbul
Yayıncı, Dağıtıcı, Vs Adı Yurt Madenciliğini Geliştirme Vakfı
Yayın, Dağıtım, Vb Tarihi 1996
300 ## - FİZİKSEL TANIM
Kapsam vii, 430 s.
Boyutlar 24 sm.
500 ## - GENEL NOT
Genel Not Kütüphanemizde 1. cilt bulunmaktadır.
500 ## - GENEL NOT
Genel Not Eser adı başında: (Danıştay kararları ile) Açıklamalı
650 ## - KONU KATMA GİRİŞ - TOPİKAL DÖNEM
Topikal Süreli Veya Coğrafi Ad Giriş Elemanı Maden hukuku
Coğrafi Alt Bölümü Türkiye
650 ## - KONU KATMA GİRİŞ - TOPİKAL DÖNEM
Topikal Süreli Veya Coğrafi Ad Giriş Elemanı Madencilik
Genel Alt Bölümü Hukuk ve mevzuat
Coğrafi Alt Bölümü Türkiye
700 ## - KATMA GİRİŞ - KİŞİSEL İSİM
Kişisel Ad Çanga, Bora
942 ## - EKLENDİ GİRİŞ ELEMANLARI (KOHA)
Sınıflandırma Veya Raf Düzeni Kaynak Dewey Decimal Classification
Koha Öğesi Türü Books
999 ## - SİSTEM KONTROL NUMARALARI (KOHA)
Koha Biblionumber 91
Koha Biblioitemnumber 91
Holdings
Kalıcı Konum Mevcut Konum Edinme Tarihi Edinim Kaynak Toplam Check-Out'Lar Tam Çağrı Numarası Barkod Tarih Son Görülme İtibaren Geçerli Fiyatlar Koha Öğesi Türü
CHP Kütüphanesi CHP Kütüphanesi 10/15/2016 Bağış   343.077502632 Ç25m 1996 005325 10/15/2016 10/15/2016 Books